LEADER 00962cam0-22003371i-450- 001 990006213130403321 005 20051026122651.0 035 $a000621313 035 $aFED01000621313 035 $a(Aleph)000621313FED01 035 $a000621313 100 $a20000112d1981----km-y0itay50------ba 101 0 $aita 102 $aIT 105 $ay-------001yy 200 1 $aFamiglia e politiche sociali$ela morfogenesi familiare in prospettiva sociologica$fPierpaolo Donati 210 $aMilano$cF. Angeli$d1981 215 $a232 p.$d22 cm 225 1 $aServizi sociali e territorio$v9 676 $a306.85 676 $a362.8 700 1$aDonati,$bPierpaolo$f<1946- >$039910 801 0$aIT$bUNINA$gRICA$2UNIMARC 901 $aBK 912 $a990006213130403321 952 $aXI N 601 (9)$b27097*$fFGBC 952 $aCOLLEZ. 572 (9)$b18295$fFSPBC 959 $aFGBC 959 $aFSPBC 996 $aFamiglia e politiche sociali$9229144 997 $aUNINA LEADER 01037nam2-2200325---450- 001 990000469850203316 035 $a0046985 035 $aUSA010046985 035 $a(ALEPH)000046985USA01 035 $a0046985 100 $a20010525d1859----km-y0itay0103----ba 101 $aita 102 $aIT 105 $a||||||||001yy 200 1 $aAgricoltura e quistioni economiche che la riguardano$ePassy, Legoyt, Molinari, Malthus, Jones, Vidal...$v1 210 $aTorino$cStamperia dell'Unione Tipografico-Editrice$d1859 215 $aVII, 1063 p.$d26 cm 410 $12001 461 1$10010046982$12001$aBiblioteca dell'economista: seconda serie 676 $a330.155 801 0$aIT$bsalbc$gISBD 912 $a990000469850203316 951 $aISE VI 443/II.1$b6308 EC$cISE VI 959 $aBK 969 $aECO 979 $aPATTY$b90$c20010525$lUSA01$h1158 979 $c20020403$lUSA01$h1655 979 $aPATRY$b90$c20040406$lUSA01$h1633 996 $aAgricoltura e quistioni economiche che la riguardano$9889182 997 $aUNISA